Ako Ján Počiatek kazí dane

Novela zákona o dani z príjmov, schválená vládou v septembri, obsahuje predovšetkým technické zmeny. Koho sa predovšetkým zmeny dotýkajú. Ostrá kritika schválenej kontroverznej novely zákona. Vplyv daňových zmien na rozpočet.

Na minha lista:
Detalhes bibliográficos
Autor principal: Mravcová, Jana
Formato: Capítulo de Livro
Idioma:eslovaco
Assuntos:
Tags: Adicionar Tag
Sem tags, seja o primeiro a adicionar uma tag!

MARC

LEADER 00000naa$a2200000$$$4500
001 0064545
005 20231009073703.3
041 0 |a slo 
044 |a SK 
245 1 0 |a Ako Ján Počiatek kazí dane  |c Jana Mravcová 
520 |a Novela zákona o dani z príjmov, schválená vládou v septembri, obsahuje predovšetkým technické zmeny. Koho sa predovšetkým zmeny dotýkajú. Ostrá kritika schválenej kontroverznej novely zákona. Vplyv daňových zmien na rozpočet. 
610 2 0 |a dane z príjmov 
610 2 0 |a zákony 
610 2 0 |a novelizácia 
610 2 0 |a rozpočet štátny 
100 1 |a Mravcová, Jana